| 000 | 01556nam a2200469 i 4500 | ||
|---|---|---|---|
| 001 | 33396 | ||
| 003 | KOSZ 005 | ||
| 005 | 20210308095305.0 | ||
| 008 | 980627s1998 pl a |001 0 pol | ||
| 015 | _aUWD 1998/10665 | ||
| 020 | _a8301125497 | ||
| 035 | _a991003762469705066 | ||
| 035 | _a(PL-WaBN)b11004162-48omnis_nlop | ||
| 035 | _ab11004162 | ||
| 035 | _a(OCoLC)830093625 | ||
| 035 | _a(PL)b0000001100416 | ||
| 035 | _a(EXLNZ-48OMNIS_NETWORK)9910087273505606 | ||
| 040 |
_aWA N _cWA N _dKOSZ 005/HR |
||
| 046 | _k1998 | ||
| 080 | _a339.92(4-67) | ||
| 080 | _a332.14(4-67) | ||
| 100 | 1 |
_aJantoń-Drozdowska, Elżbieta _eAutor |
|
| 245 | 1 | 0 |
_aRegionalna integracja gospodarcza / _cElżbieta Jantoń-Drozdowska. |
| 260 |
_aWarszawa : _bWydaw. Naukowe PWN, _c1998. |
||
| 300 |
_a151, [1] s. : _bwykr. ; _c24 cm. |
||
| 336 |
_aTekst _btxt _2rdacontent |
||
| 337 |
_aBez urządzenia pośredniczącego _bn _2rdamedia |
||
| 338 |
_aWolumin _bnc _2rdacarrier |
||
| 380 | _aKsiążki | ||
| 388 | _a1901-2000 | ||
| 388 | _a1989-2000 | ||
| 504 | _aBibliogr. s. 146-149. - Indeks. | ||
| 610 | 2 | 7 |
_aUnia Europejska (UE) _2DBN |
| 650 | 7 |
_aIntegracja gospodarcza _2DBN |
|
| 650 | 7 | _aRegionalizacja gospodarcza | |
| 650 | 7 | _aPolityka regionalna UE | |
| 658 | _aGospodarka, ekonomia, finanse | ||
| 710 | 2 |
_aWydawnictwo Naukowe PWN _4pbl |
|
| 856 |
_uhttp://koha.tu.koszalin.pl/cgi-bin/koha/opac-detail.pl?biblionumber=33396 _yKatalog online BPK |
||
| 942 |
_2UKD _cKS |
||
| 999 |
_c33396 _d33396 |
||